| 000 | 00913nas a2200265 4500 | ||
|---|---|---|---|
| 001 | BR8705894 | ||
| 003 | BR-BrBNA | ||
| 005 | 20231205090820.0 | ||
| 007 | ta | ||
| 008 | 230509b bl.|||p| |||| 00| 00por d | ||
| 040 |
_aBR-BrBNA _bpor _cBiblioteca Nacional de Agricultura |
||
| 041 | _a(Pt) | ||
| 072 | _aH20; F30 | ||
| 100 | 1 | _aColaricio, A. | |
| 100 | 1 | _aBarradas, M.M. | |
| 100 | 1 | _aVicente, M. | |
| 100 | 1 | _aOliveira, D.A. | |
| 245 | 1 | _aEfeito da infeccao pelo virus da necrose branca do tomateiro (VNBT)em cinco cultivares de Lycopersicum esculentum Mill. I - Experimentos em casa-de-vegetacao, a temperatura constante | |
| 650 | _aTOMATE | ||
| 650 | _aNECROSE BRANCA | ||
| 650 | _aVARIEDADE RESISTENTE | ||
| 773 | 0 |
_tArquivos do Instituto Biologico (Brazil) _xISSN 0020-3653 _g(Jan-Dec 1982), v. 49(1-4) p. 59-65 _wBR8705894 |
|
| 909 |
_a202311 _bLúcia _c55 _dLúcia Elande |
||
| 942 |
_2AGRIS _n0 _cANA |
||
| 999 |
_c121031 _d121031 |
||